000
00271nam a2200121 a 4500
008
101209s1979|||| d
100
1
_a
Plicka, Karol
245
1
0
_a
Zlatá brána
260
_b
Osveta
_a
Bratislava
_c
1979
020
_c
72
041
_a
slo
044
_a
xo
_c
SK
999
_c
15031
_d
15031